Statistics for Busiest Airport by State

Click here to take the quiz!

General Stats

  • This quiz has been taken 80 times
  • The average score is 33 of 50

Answer Stats

StateAirport% Correct
CaliforniaLos Angeles
95%
GeorgiaHartsfield-Jackson
91%
ArizonaPhoenix Sky Harbor
91%
HawaiiDaniel K. Inouye
90%
IndianaIndianapolis
90%
FloridaMiami
90%
AlaskaTed Stevens Anchorage
90%
ColoradoDenver
88%
IowaDes Moines
86%
IllinoisO'Hare
86%
ArkansasBill and Hillary Clinton National Airport
83%
MassachusettsLogan
83%
IdahoBoise
81%
MarylandBaltimore-Washington
79%
AlabamaBirmingham-Shuttlesworth
78%
MinnesotaMinneapolis-Saint Paul
78%
MichiganDetroit
76%
NevadaMcCarran
74%
OregonPortland
74%
MainePortland
74%
ConnecticutBradley
72%
OhioCleveland Hopkins
71%
LouisianaLouis Armstrong
71%
North CarolinaCharlotte Douglas
69%
New YorkJFK
69%
MissouriSt. Louis
69%
TexasDallas/Fort Worth
66%
NebraskaEppley
66%
PennsylvaniaPhiladelphia
66%
MississippiJackson-Evers
64%
New JerseyNewark Liberty
64%
TennesseeNashville
62%
OklahomaWill Rogers World Airport
62%
UtahSalt Lake City
59%
New MexicoAlbuquerque
55%
WashingtonSeattle-Tacoma
55%
Rhode IslandTheodore Francis Green
55%
KansasWichita Dwight D. Eisenhower National Airport
55%
DelawareWilmington
55%
South CarolinaCharleston
52%
West VirginiaYeager
52%
WisconsinGeneral Mitchell
50%
North DakotaHector
50%
New HampshireManchester-Boston Regional
41%
KentuckyCincinnati/Northern Kentucky
40%
South DakotaSioux Falls
33%
MontanaBozeman Yellowstone
29%
VermontBurlington
29%
VirginiaRonald Reagan International
24%
WyomingJackson Hole
19%

Score Distribution

Percentile by Number Answered

Percent of People with Each Score

Your Score History

You have not taken this quiz